000 00799cam a22001571 4500
082 _a516.24
_bIVE
_cL-4, P-8
100 1 _aIves, Howard Chapin,
_939394
245 1 0 _aSeven place natural trigonometrical functions,
_btogether with many miscellaneous tables and appendices on the adjustment of the engineer's transit and level, area computation, vertical curves, simple curves, and determination of latitude, longitude and azimuth.
_cBy Howard Chapin Ives, C.E.
260 _aNew York,
_bJ. Wiley & sons, inc.;
_aLondon,
_bChapman & Hall, limited,
_c1939.
300 _a2 p. l., iii-v, 222 p.
_billus., diagrs.
_c18 cm.
500 _aOn cover: Seven place natural tables.
526 _a0
_b0
_c0
_d516_240000000000000_IVE
650 0 _aMCE
_9379
650 0 _aTrigonometry
_xTables.
_938956
942 _2ddc
_cBK
999 _c543892
_d543892